000 00315nam a2200121 4500
999 _c9658
_d9658
003 OSt
005 20211127123107.0
008 211127b ||||| |||| 00| 0 eng d
100 _aJoseph allenstein F B Pithavadian
245 _aDiversity in architecture
260 _aNational convention of architecture
942 _2ddc